000 00677nam a2200289Ia 4500
005 20260324151048.0
008 008 260324s9999 xx 000 0 eng d
020 _a9780429441172
037 _aEBOOK
040 _aCRL
040 _beng
040 _cCRL
041 _2eng
041 _aeng
084 _qCRL
100 _aA. H. Sayce
_91228590
245 0 _aIntroduction to the Science of Language
245 0 _bIn Two Volumes. Vol 2
260 _bTaylor and Francis
260 _c1900
365 _a
365 _b205
856 _uhttp://www.taylorfrancis.com/books/9780429441172
942 _cEBOOK
999 _c1839079
_d1839079